| 000 | 01132nam a2200313Ia 4500 | ||
|---|---|---|---|
| 003 | OCoLC | ||
| 005 | 20220331161130.0 | ||
| 008 | 011126s2001 enk 001 0 eng | ||
| 020 |
_a0750650982 _q(pbk.) |
||
| 035 | _aGSU03049 | ||
| 040 |
_aLCC _benglish _cGSU _dGSU _erda |
||
| 050 |
_aTA330 _bCOX |
||
| 082 | 0 | 4 |
_a510.2462 _221 _bCOX |
| 082 | 0 | 4 |
_a510.2462 _222 |
| 100 | 1 |
_aCox, Bill, _d1945- _0http://id.loc.gov/authorities/names/nb98028750. |
|
| 245 | 1 | 0 |
_aUnderstanding engineering mathematics / _cBill Cox. |
| 264 | 1 |
_aOxford : _bNewnes, _c2001. |
|
| 300 |
_axii, 533 pages ; _c25 cm. |
||
| 336 |
_atext _btxt _2rdacontent. |
||
| 337 |
_aunmediated _bn _2rdamedia. |
||
| 338 |
_avolume _bnc _2rdacarrier. |
||
| 500 | _aIncludes index. | ||
| 504 | _aIncludes index | ||
| 505 | _aNumber and arithmetic, Algebra, Functions and series, Geometry of lines triangles and circles | ||
| 650 | 0 |
_aEngineering mathematics. _0http://id.loc.gov/authorities/subjects/sh85043235. |
|
| 650 | 0 |
_aEngineering mathematics _vProblems, exercises, etc. _0http://id.loc.gov/authorities/subjects/sh2009124940. |
|
| 942 |
_2lcc _cBK _n0 |
||
| 999 |
_c460 _d460 |
||